1970's Band Names: Picture Clues - Statistics

General Stats
  • This quiz has been taken 674 times
  • The average score is 8 of 20
Answer Stats
Picture Hint Answer % Correct
Bread
86%
Wings
78%
Pilot
66%
Queen
64%
Genesis
63%
Gong
63%
Arrow
57%
Mud
56%
Chicago
53%
Greyhound
43%
Can
41%
Sparks
29%
Carpenters
28%
Inventor (1762) Jethro Tull
16%
Wizzard
16%
US band REO Speedwagon
14%
Maker's name Commodores
12%
NE (UK) Lindisfarne
11%
Van der Graaf Generator
7%
Faces
4%
No matching quizzes found
Score Distribution
Percent of People with Each Score
Percentile by Number Answered
Your Score History
You have not taken this quiz